Электронный учебник по информатике с интерактивным контролем знаний студентов; Прогрессивные технологии и экономика в машиностроении

Bibliografische gegevens
Parent link:Прогрессивные технологии и экономика в машиностроении.— 2003.— С. 249-252
Hoofdauteur: Ковчунов А. В.
Taal:Russisch
Gepubliceerd in: 2003
Onderwerpen:
Formaat: Hoofdstuk
KOHA link:https://koha.lib.tpu.ru/cgi-bin/koha/opac-detail.pl?biblionumber=111964

MARC

LEADER 00000naa2a2200000 4500
001 111964
005 20231031121043.0
035 |a (RuTPU)RU\TPU\book\120933 
090 |a 111964 
100 |a 20070321d2003 k y0rusy50 ca 
101 0 |a rus 
102 |a RU 
200 1 |a Электронный учебник по информатике с интерактивным контролем знаний студентов  |f А. В. Ковчунов 
463 0 |0 (RuTPU)RU\TPU\book\63552  |y 5-98298-035-8  |t Прогрессивные технологии и экономика в машиностроении  |o Труды Всероссийской научно-практической конференции, Юрга, 24-25 апреля 2003 г.  |f Томский политехнический университет; Филиал ТПУ в Юрге; Отв. ред. Б. Г. Долгун  |v С. 249-252  |d 2003  |p 374 с. 
610 1 |a знания 
610 1 |a интерактивный контроль 
610 1 |a электронные учебники 
610 1 |a студенты 
610 1 |a труды учёных ТПУ 
700 1 |a Ковчунов  |b А. В. 
801 1 |a RU  |b 63413507  |c 20070321  |g PSBO 
801 2 |a RU  |b 63413507  |c 20130611  |g RCR 
942 |c BK